| 000 | 00583nam a2200181Ia 4500 | ||
|---|---|---|---|
| 008 | 100920s9999 xx 000 0 und d | ||
| 082 |
_b6800 _a891.43 थ 57 |
||
| 100 | _aजैन यादवचन्द्र. | ||
| 245 | _aललितांगी. | ||
| 260 |
_bनारायण दत्त सहगल एण्ड सन्स, देहली. _c1957 |
||
| 300 |
_a205 _bसाधी |
||
| 365 | _b3.75 | ||
| 520 | _aहिंदी. | ||
| 630 | _aललितांगी. | ||
| 650 | _aहिंदी. | ||
| 730 | _aललितांगी. | ||
| 942 | _cBOOK | ||
| 999 |
_c675073 _d675070 |
||